History Quiz

Random History or Politics Quiz

Secret Service Codenames Quiz Stats

 Plays Quiz Updated Feb 11, 2020

Support Sporcle.
Go Orange.
Score 0/20 Timer 07:00
0 Plays Today
Codename Person % Correct
RawhideRonald Reagan
69.9%
RenegadeBarack Obama
53.6%
EagleBill Clinton
24.2%
TimberwolfGeorge H. W. Bush
21.4%
LancerJohn F. Kennedy
19.2%
DeaconJimmy Carter
17.8%
DenaliSarah Palin
17%
VolunteerLyndon Johnson
16.5%
PhoenixJohn McCain
15%
SearchlightRichard Nixon
12.3%
Codename Person % Correct
AnglerDick Cheney
11.4%
PinaforeBetty Ford
10.6%
GeneralHarry S. Truman
10.3%
SunburnEdward M. Kennedy
6.3%
HaloPope John Paul II
5.3%
Unicorn or PrincipalCharles, Prince of Wales
3%
Pontiac or ThunderJesse Jackson
2.8%
WoodcutterHenry Kissinger
2.7%
SandstormNelson Rockefeller
2.1%
FootprintStrom Thurmond
1.9%

From the Vault

1980s Movie Taglines

by ISUalum31

Movies 6m
These taglines all sound better when read aloud in a deep voice.
Remove Ads.
Support Sporcle.
Get the best of Sporcle when you Go Orange. This ad-free experience offers more features, more stats, and more fun while also helping to support Sporcle. Thank you for becoming a member.

Show Comments

Extras

Top Quizzes Today


Score Distribution

Your Account Isn't Verified!

In order to create a playlist on Sporcle, you need to verify the email address you used during registration. Go to your Sporcle Settings to finish the process.

Report this User

Report this user for behavior that violates our Community Guidelines.

Details: